000 01244aam a2200349 i 4500
001 69037
003 Mx-PuUPA
005 20220302080945.0
008 200430s2014 mx ||||gr|||| 00| d spa d
020 _a9786073121651
040 _aMx-PuUPA
_bspa
_cMx-PuUPA
_dMx-PuUPA
_erda
041 0 _aspa
100 1 _97381
_aAllende, Isabel
_d1942-
_eautor
245 1 0 _aMi país inventado /
_cIsabel Allende
250 _aTercera edición
264 1 _aMéxico, D.F. :
_bPenguin Random House Grupo Editorial,
_c2015
300 _a219 páginas ;
_c19 cm
336 _2rdacontent
_atexto
_btxt
337 _2rdamedia
_asin medio
_bn
338 _2rdacarrier
_avolumen
_bnc
490 1 _aContemporánea (Debolsillo (Firm))
545 1 _aReimpresiones: (primera, diciembre 2015).
600 1 0 _97381
_aAllende, Isabel
_d1942-
650 4 _aAutores, chilenas
_ySiglo XX
_vBiografía
650 4 _aAtaques terroristas del 11 de septiembre de 2001
651 4 _aChile
_xHistoria
_xGolpe de Estado, 1973
830 0 _911584
_aContemporánea (Debolsillo (Firm))
942 _2ddc
_h920.72
_cLI
_iA416
999 _c69037
_d69037